I will go with my family : (Record no. 24832)
[ view plain ]
| 000 -LEADER | |
|---|---|
| fixed length control field | 01516nam a2200337Ii 4500 |
| 001 - CONTROL NUMBER | |
| control field | 1223042155 |
| 003 - CONTROL NUMBER IDENTIFIER | |
| control field | AUA.1 |
| 005 - DATE AND TIME OF LATEST TRANSACTION | |
| control field | 20250130132943.0 |
| 008 - FIXED-LENGTH DATA ELEMENTS--GENERAL INFORMATION | |
| fixed length control field | 250130s2020 mdu 000 0 eng d |
| 020 ## - INTERNATIONAL STANDARD BOOK NUMBER | |
| International Standard Book Number | 9780828028899 |
| 035 ## - SYSTEM CONTROL NUMBER | |
| System control number | (OCoLC)1223042155 |
| 040 ## - CATALOGING SOURCE | |
| Original cataloging agency | EXN |
| Language of cataloging | eng |
| Transcribing agency | EXN |
| Modifying agency | JTL |
| 050 ## - LIBRARY OF CONGRESS CALL NUMBER | |
| Classification number | BV4438 |
| Item number | .O46 2021 |
| 100 1# - MAIN ENTRY--PERSONAL NAME | |
| Personal name | Oliver, Willie. |
| 245 10 - TITLE STATEMENT | |
| Title | I will go with my family : |
| Remainder of title | family resilience / |
| Statement of responsibility, etc | Willie and Elaine Oliver. |
| 246 10 - VARYING FORM OF TITLE | |
| Title proper/short title | Unity in community. |
| 246 1# - VARYING FORM OF TITLE | |
| Display text | At head of title: |
| Title proper/short title | Adventist family ministries. |
| 260 ## - PUBLICATION, DISTRIBUTION, ETC. (IMPRINT) | |
| Place of publication, distribution, etc | Silver Spring, MD.: |
| Name of publisher, distributor, etc | Review and herald, |
| Date of publication, distribution, etc | c2021. |
| 300 ## - PHYSICAL DESCRIPTION | |
| Extent | 193 pages ; |
| Dimensions | 26 cm. |
| 490 1# - SERIES STATEMENT | |
| Series statement | Family ministries resource book |
| Volume number/sequential designation | 2021. |
| 500 ## - GENERAL NOTE | |
| General note | 2022 Resource Book. |
| 500 ## - GENERAL NOTE | |
| General note | [Formerly called the Familiy Ministries Planbook.] |
| 504 ## - BIBLIOGRAPHY, ETC. NOTE | |
| Bibliography, etc | Includes bibliographical references. |
| 520 ## - SUMMARY, ETC. | |
| Summary, etc | Family resilience is for pastors and ministry leaders in their work with families in and out of the church. We hope the resources found in this volume will help develop healthier families, which invariably result in healthier churches that can reach the world with power and joy to help hasten the coming of Jesus Christ. -- back cover. |
| 650 #0 - SUBJECT ADDED ENTRY--TOPICAL TERM | |
| Topical term or geographic name as entry element | Church work with families |
| General subdivision | Seventh-day Adventist Church. |
| 700 1# - ADDED ENTRY--PERSONAL NAME | |
| Personal name | Oliver, Elaine. |
| 740 0# - ADDED ENTRY--UNCONTROLLED RELATED/ANALYTICAL TITLE | |
| Uncontrolled related/analytical title | Family ministries planbook. |
| 740 0# - ADDED ENTRY--UNCONTROLLED RELATED/ANALYTICAL TITLE | |
| Uncontrolled related/analytical title | Family ministries resource book. |
| 830 #0 - SERIES ADDED ENTRY--UNIFORM TITLE | |
| Uniform title | Family ministries resource book |
| Volume number/sequential designation | 2021. |
| 942 ## - ADDED ENTRY ELEMENTS (KOHA) | |
| Source of classification or shelving scheme | Library of Congress Classification |
| Koha item type | Books |
| Classification part | BV 4438 |
| Item part | .O46 2021 |
| Withdrawn status | Lost status | Source of classification or shelving scheme | Damaged status | Not for loan | Collection code | Home library | Current library | Shelving location | Date acquired | Source of acquisition | Cost, normal purchase price | Serial Enumeration / chronology | Total Checkouts | Full call number | Barcode | Date last seen | Cost, replacement price | Price effective from | Koha item type |
|---|---|---|---|---|---|---|---|---|---|---|---|---|---|---|---|---|---|---|---|
| Library of Congress Classification | Books | Judith Thomas Library | Judith Thomas Library | General Stacks | 30/01/2025 | Donation | 25.00 | AUA27603 | BV 4438 .O46 2021 | AUA27603 | 30/01/2025 | 25.00 | 30/01/2025 | Books |